000 01037nam a2200313 i 4500
001 000003286
003 DO-SdBNP
005 20250819114938.0
007 ta
008 090707s2001 dr r 000 0 spa d
020 _a9993401862
040 _aDO-SdBNP
_bspa
_cBNPHU
_erda
041 _asp
082 _a323.7293
_bC577c
_222
100 1 _aCiprián, Rafael,
_d1959-
_eautor
_9839
245 1 0 _aConstitucionalidad y derechos del ciudadano /
_cRafael Ciprián.
264 _aSanto Domingo :
_bCentenario,
_c2001.
300 _a222 páginas ;
_c23 cm.
336 _ardacontent
_btexto
_2txt
337 _ardamedia
_bsin mediación
_2n
338 _ardacarrier
_bvolumen
_2nc
500 _aIncluye datos biográficos del autor en la solapa de la portada del ejemplar 3.
504 _aIncluye referencias bibliográficas al final de cada capítulo.
590 _aInventariado, 2020/ YL
650 4 _aDerechos civiles
_zRepública Dominicana
_910342
650 4 _aSeguridad ciudadana
_910343
910 _aYLockward
942 _2ddc
_cLBS1
999 _c3117
_d3117